Les artistes les plus écoutés sur Deezer en 2025 dans le monde - Statistiques

Statistiques générales
  • Ce quiz a été pris 35 fois
  • Le résultat moyen est 3 sur 10
Statistiques - réponses
Classement Artiste % Correct
2 Taylor Swift
85%
5 Bad Bunny
46%
10 Ed Sheeran
38%
4 The Weekend
38%
7 Sabrina Carpenter
31%
3 Billie Eilish
27%
1 Lady Gaga
27%
8 Coldplay
23%
9 Imagine Dragons
15%
6 Linkin Park
0%
Aucun quiz correspondant
Distribution des résultats
% des personnes avec chaque résultat
Percentile par nombre de réponses
Votre historique - résultats
Vous n’avez pas pris ce quiz